Normal view
MARC view
Entry Topical Term
001 - CONTROL NUMBER
- control field: 40491
003 - CONTROL NUMBER IDENTIFIER
- control field: OSt
005 - DATE AND TIME OF LATEST TRANSACTION
- control field: 20230913124123.0
008 - FIXED-LENGTH DATA ELEMENTS
- fixed length control field: 230913|| aca||aabn | a|a d
040 ## - CATALOGING SOURCE
- Original cataloging agency: OSt
- Transcribing agency: OSt
150 ## - HEADING--TOPICAL TERM
- Topical term or geographic name entry element: Urban politics, Urban governance, Small towns, Political geography, Progressive politics.
670 ## - SOURCE DATA FOUND
- Source citation: Work cat.: (OSt): Beveridge, Ross and Naumann, Matthias 40490, Progressive urbanism in small towns: The contingencies of governing from the left
